Asuntos de geografía, historia, instrucción cívica, naturaleza, matemáticas y lenguaje para quinto grado. Tomo primero, Geografía, historia, instrucción cívica y naturaleza

Saved in:
Bibliographic Details
Main Author: Vinardell, Arturo
Format: Book
Language:Spanish
Published: Buenos Aires : [1940?].
Edition:8ª ed.
Textbook Catalogue:BNM:  Library Catalog Search Result
Textbook Classification:
Subjects:
Tags: Add Tag
No Tags, Be the first to tag this record!
Added to:2003-09-02
Changed in:2022-02-20

MARC

LEADER 00000cam a22000004a 4500
003 AR-BaBNM
005 20220220074514.0
007 ta
008 030903s1940 ag ab b |||||||||||spa|d
035 |a 000089051 
040 |a AR-BaBNM  |b spa 
080 |a P-5 3/9 
100 1 |a Vinardell, Arturo 
245 1 0 |a Asuntos de geografía, historia, instrucción cívica, naturaleza, matemáticas y lenguaje para quinto grado.  |n Tomo primero,  |p Geografía, historia, instrucción cívica y naturaleza /  |c Arturo Vinardell. 
250 |a 8ª ed. 
260 |a Buenos Aires :  |b Luis Lasserre,  |c [1940?]. 
300 |a 230 p. :  |b il., mapas. 
545 |a Vinardell era Profesor Normal en Ciencias y Escribano Nacional. 
655 4 |a Manuales escolares  |a Libros de texto 
650 4 |a Materias de enseñanza  |9 8961  |a Educación primaria  |9 7632 
942 |2 udc  |c LIBRO 
999 |c 119331  |d 119331 
999 |c KOHA-OAI-TEST:119331  |d 119331